Digitálna transformácia podniku diplomová práca

Enregistré dans:
Détails bibliographiques
Auteur principal: Gutaiová, Tamara
Collectivité auteur: Fakulta podnikového manažmentu EU. Katedra informačného manažmentu
Autres auteurs: Töröková, Anikó, 1963-
Format: Livre
Langue:slovaque
Publié: Bratislava 2025
Tags: Ajouter un tag
Pas de tags, Soyez le premier à ajouter un tag!

MARC

LEADER 00000nbm a2200000 4500
001 0309818
005 20260114092143.4
041 0 |a slo 
044 |a SK 
245 1 0 |a Digitálna transformácia podniku  |b diplomová práca  |c Tamara Gutaiová ; školiteľ: Anikó Töröková 
264 1 |a Bratislava  |c 2025 
300 |a 60 s. 
100 1 |a Gutaiová, Tamara 
700 1 |a Töröková, Anikó, 1963- 
710 2 |a Fakulta podnikového manažmentu EU. Katedra informačného manažmentu